Interpretação (Record no. 63935)

MARC details
000 -LÍDER
campo de controle de tamanho fixo 00344 a2200157 4500
001 - NÚMERO DE CONTROLE
campo de controle 63935
020 ## - ISBN - INTERNATIONAL STANDARD BOOK NUMBER
ISBN - International Standard Book Number 8571131880 (broch.)
040 ## - FONTE DA CATALOGAÇÃO
Instituição que transcreveu o registro Anchieta - Pituba
100 ## - ENTRADA PRINCIPAL--NOME PESSOAL
Nome pessoal Orlandi, Eni Puccinelli
240 10 - TÍTULO UNIFORME
Título uniforme Interpretação
Idioma da obra por
245 10 - TÍTULO
Título Interpretação
300 ## - DESCRIÇÃO FÍSICA
Extensão 156p.
362 0# - DATAS DE PUBLICAÇÃO E/OU DESIGNAÇÃO SEQUENCIAL
Datas de publicação e/ou designação sequencial 2004
650 #4 - ASSUNTO--TERMO TÓPICO
Cabeçalho tópico ou nome geográfico Semântica
942 ## - ELEMENTOS DE ENTRADA ADICIONADOS (KOHA)
Tipo de material Koha Livros
Holdings
Situação do descarte Situação das perdas Situação física Não pode ser emprestado Biblioteca de origem Biblioteca atual Data de aquisição Total de empréstimos Número de chamada completo Código de barras Data de último acesso Data do preço efetivo Tipo de material Koha
        Colégio Anchieta - Pituba Colégio Anchieta - Pituba 21/11/2023   401.43 O71i ORL INT 17539/PIT 21/11/2023 21/11/2023 Livros